xxxtentacion - let's pretend we're numb lyrics - Statistics

General Stats
  • This quiz has been taken 24 times
  • The average score is 120 of 205
Answer Stats
Answer % Correct
I
95%
my
95%
you
95%
don't
86%
fuckin'
86%
it
86%
when
86%
hate
81%
to
81%
a
76%
be
76%
feel
76%
hear
76%
name
76%
nigga
76%
the
76%
this
71%
girl
67%
pain
67%
your
67%
and
62%
fucking
62%
pretend
62%
sad
62%
same
62%
you're
62%
everyday
57%
gon'
57%
know
57%
love
57%
no
57%
that
57%
these
57%
too
57%
who
57%
with
57%
all
52%
away
52%
get
52%
happy
52%
in
52%
not
52%
okay
52%
talk
52%
about
48%
feelin'
48%
good
48%
lust
48%
mind
48%
niggas
48%
almost
43%
as
43%
fair
43%
it'll
43%
jealous
43%
only
43%
think
43%
true
43%
warning
43%
but
38%
hide
38%
i'll
38%
it's
38%
lead
38%
listening
38%
misery
38%
of
38%
walk
38%
we
38%
advise
33%
bitches
33%
close
33%
everyone
33%
feelings
33%
how
33%
is
33%
me
33%
song
33%
trust
33%
what's
33%
ain't
29%
by
29%
captivated
29%
held
29%
i'm
29%
kept
29%
replace
29%
should've
29%
warm
29%
call
24%
can't
24%
cry
24%
god
24%
had
24%
honest
24%
hurt
24%
jump
24%
pray
24%
wonder
24%
angel
19%
fallin'
19%
need
19%
rain
19%
repent
19%
stomp
19%
wings
19%
won't
19%
chump
14%
damn
14%
off
14%
ripped
14%
crave
10%
feet
10%
rage
10%
than
10%
rather
5%
No matching quizzes found
Score Distribution
Percent of People with Each Score
Percentile by Number Answered
Your Score History
You have not taken this quiz